000 00264nam a22001097a 4500
008 240712b |||||||| |||| 00| 0 eng d
100 _aVaswani, Jashan
_916936
245 _aShant je Pardi Me
260 _c1969.
_aSant mala;
_bPoona:
300 _a181p.
942 _cBK
999 _c40055
_d40055